| 000 | 01012pam a2200289 a 4500 | ||
|---|---|---|---|
| 999 |
_c16554 _d16554 |
||
| 001 | 3890004 | ||
| 005 | 20161115100438.0 | ||
| 008 | 900723s1991 ilua b 001 0 eng | ||
| 010 | _a 90044740 | ||
| 020 | _a0256079005 | ||
| 020 | _a025609957X (International ed.) | ||
| 040 |
_aDLC _cDLC _dDLC |
||
| 050 | 0 | 0 |
_aHF1411.L536 1991 _b.L536 1991 |
| 082 | 0 | 0 | _220 |
| 100 | 1 | _aLindert, Peter H. | |
| 245 | 1 | 0 |
_aInternational economics / _cPeter H. Lindert. |
| 250 | _a9th ed. | ||
| 260 |
_aHomewood, IL : _bIrwin, _cc1991. |
||
| 300 |
_axviii, 682 p. : _bill. ; _c25 cm. |
||
| 504 | _aIncludes bibliographical references (p. 653-666) and index. | ||
| 650 | 0 | _aInternational economic relations. | |
| 650 | 0 | _aCommercial policy. | |
| 650 | 0 | _aForeign exchange. | |
| 906 |
_a7 _bcbc _corignew _d1 _eocip _f19 _gy-gencatlg |
||
| 942 |
_2lcc _cBOOKS _hHF1411.L536 1991 |
||